[Event "Wloclawek CC Classic 09th"]
[Site "Wloclawek"]
[Date "2014.??.??"]
[Round "7"]
[White "Jeziorny, Janusz"]
[Black "Pawlowski, Slawomir"]
[Result "0-1"]
[WhiteElo "1752"]
[BlackElo "2098"]
[PlyCount "80"]
[EventDate "2014.03.??"]
[EventType "swiss"]
[EventRounds "7"]
[EventCountry "POL"]
[SourceTitle "EXT 2021"]
[Source "ChessBase"]
[SourceDate "2020.10.23"]
[SourceVersion "1"]
[SourceVersionDate "2020.10.23"]
[SourceQuality "1"]

1. e4 d5 2. exd5 Qxd5 3. Nc3 Qa5 4. d4 Nf6 5. Bc4 Bg4 6. f3 Bf5 7. Bb3 Nc6 8. Bd2 0-0-0 9. Nd5 Qa6 10. Nxf6 gxf6 11. c3 e5 12. d5 Na5 13. Qc1 Nc4 14. Bc2 Bxc2 15. Qxc2 Rxd5 16. Bc1 Bc5 17. b3 Ne3 18. Bxe3 Bxe3 19. Qe4 Bd2+ 20. Kf2 Qb6+ 21. Kf1 Rhd8 22. Ne2 Be3 23. g3 Rd2 24. h4 Rb2 25. Rh2 Rbd2 26. Qxh7 Bg1 27. Qf5+ Kb8 28. Qh3 Bxh2 29. Qxh2 Rd1+ 30. Rxd1 Rxd1+ 31. Kg2 Qe3 32. Kh3 Rd2 33. Qg1 Rxe2 34. Qd1 Rd2 35. Qf1 Qxc3 36. h5 Qc2 37. Kg4 Rd4+ 38. Kh3 Qf5+ 39. g4 Qf4 40. Qe2 Rd2 0-1

[Event "Wloclawek CC Classic 11th"]
[Site "Wloclawek"]
[Date "2014.??.??"]
[Round "6"]
[White "Pawlowski, Slawomir"]
[Black "Kulinski, Krzysztof"]
[Result "0-1"]
[WhiteElo "2098"]
[BlackElo "2107"]
[PlyCount "52"]
[EventDate "2014.06.??"]
[EventType "swiss"]
[EventRounds "7"]
[EventCountry "POL"]
[SourceTitle "EXT 2021"]
[Source "ChessBase"]
[SourceDate "2020.10.23"]
[SourceVersion "1"]
[SourceVersionDate "2020.10.23"]
[SourceQuality "1"]

1. Nf3 Nf6 2. g3 g6 3. Bg2 Bg7 4. 0-0 0-0 5. c4 d6 6. Nc3 e5 7. d3 Nc6 8. Rb1 a5 9. a3 h6 10. b4 axb4 11. axb4 Be6 12. b5 Ne7 13. Bd2 Nd7 14. Ra1 Rxa1 15. Qxa1 e4 16. Ne1 Nc5 17. Qd1 exd3 18. exd3 d5 19. cxd5 Nxd5 20. Nxd5 Bxd5 21. Bb4 Bxg2 22. Nxg2 Qd4 23. Bxc5 Qxc5 24. Qb3 Re8 25. Re1 Rxe1+ 26. Nxe1 Qc1 0-1

[Event "Stare Mesto op"]
[Site "Stare Mesto"]
[Date "2009.08.21"]
[Round "9"]
[White "Pawlowski, Slawomir"]
[Black "Straka, Jozef1111"]
[Result "1/2-1/2"]
[WhiteElo "2086"]
[BlackElo "2225"]
[PlyCount "125"]
[EventDate "2009.08.14"]
[EventType "swiss"]
[EventRounds "10"]
[EventCountry "CZE"]
[SourceTitle "CBM 131 Extra"]
[Source "ChessBase"]
[SourceDate "2009.09.03"]
[SourceVersion "2"]
[SourceVersionDate "2009.09.16"]
[SourceQuality "1"]

1. Nf3 Nf6 2. g3 d5 3. Bg2 c6 4. 0-0 Bg4 5. d3 Nbd7 6. c4 e6 7. Qc2 Bd6 8. Nc3 0-0 9. b3 Rc8 10. Bb2 b5 11. Qd2 bxc4 12. dxc4 Qe7 13. cxd5 cxd5 14. Rfc1 Nc5 15. e3 Nce4 16. Nxe4 Nxe4 17. Qd3 Bf5 18. Qa6 Rxc1+ 19. Rxc1 Nc5 20. Qe2 Nd3 21. Rc3 Nxb2 22. Qxb2 Ba3 23. Qa1 Qd7 24. Nd4 Bg6 25. Nc2 Be7 26. Qc1 Rc8 27. Nd4 Rxc3 28. Qxc3 Bd6 29. a4 Qc7 30. Qxc7 Bxc7 31. b4 Bd6 32. Nc6 Bc2 33. a5 a6 34. b5 Ba4 35. Bf1 axb5 36. a6 b4 37. Nd4 Bc5 38. Nb5 Bxb5 39. Bxb5 Kf8 40. Kf1 Ke7 41. Ke2 Kd6 42. Kd3 e5 43. f3 f5 44. e4 dxe4+ 45. fxe4 f4 46. Kc4 f3 47. Kb3 h6 48. Kc4 h5 49. h3 f2 50. Kb3 Ke6 51. Bf1 Kf6 52. h4 Ke6 53. Kc4 Kd6 54. a7 Bxa7 55. Kxb4 Ke6 56. Kc4 Kf6 57. Kd3 g5 58. hxg5+ Kxg5 59. Bh3 f1Q+ 60. Bxf1 Bf2 61. Ke2 Bxg3 62. Kf3 Kh4 63. Kg2 1/2-1/2

[Event "Rail 5 countries 23rd"]
[Site "Zakopane"]
[Date "2007.09.30"]
[Round "4.5"]
[White "Pawlowski, Slawomir"]
[Black "Kugelmann, Werner"]
[Result "1/2-1/2"]
[WhiteElo "2086"]
[BlackElo "2222"]
[PlyCount "128"]
[EventDate "2007.09.28"]
[EventType "team-tourn"]
[EventRounds "5"]
[EventCountry "POL"]
[SourceTitle "EXT 2010"]
[Source "ChessBase"]
[SourceDate "2010.11.25"]
[SourceVersion "1"]
[SourceVersionDate "2010.11.25"]
[SourceQuality "1"]
[WhiteTeam "Poland"]
[BlackTeam "Germany"]
[WhiteTeamCountry "POL"]
[BlackTeamCountry "GER"]

1. d4 Nf6 2. Nc3 g6 3. e4 d6 4. Be3 Bg7 5. f3 0-0 6. Qd2 Nc6 7. 0-0-0 e5 8. d5 Nd4 9. Nge2 Nxe2+ 10. Bxe2 Nh5 11. g4 Nf4 12. h4 h6 13. Rdg1 c5 14. dxc6 bxc6 15. Bc4 Qe7 16. Ne2 d5 17. exd5 cxd5 18. Bb3 Nxe2+ 19. Qxe2 Bb7 20. Rd1 Rfd8 21. h5 g5 22. Rhe1 Qf6 23. Qb5 Bc6 24. Qa6 d4 25. Bg1 Bxf3 26. Qxf6 Bxf6 27. Rf1 e4 28. Rxf3 exf3 29. Rd3 Be5 30. Rxf3 Bf4+ 31. Kd1 Rd6 32. Bf2 Rad8 33. Bc4 Kg7 34. Bd3 Re8 35. b3 Rd5 36. Bc4 Rd6 37. Bd3 Rdd8 38. a4 a5 39. Be1 Re5 40. Bf2 f6 41. Bg6 Re7 42. Be1 Rd5 43. Bf2 Bd6 44. Kd2 Bb4+ 45. Kd3 Bc3 46. Bg3 Rd8 47. Bf2 Re5 48. Bg3 Rc5 49. Rf1 Bb4 50. Be1 Bxe1 51. Rxe1 Rc3+ 52. Kd2 Rg3 53. Bf5 Rd5 54. Re7+ Kf8 55. Rh7 Rxf5 56. gxf5 Rf3 57. Rxh6 Rxf5 58. Kd3 Rf4 59. Rh7 Kg8 60. Rb7 g4 61. h6 f5 62. Rg7+ Kh8 63. Kc4 Rf2 64. Kd3 Rf4 1/2-1/2